zpět

Detail výsledku týmu

U sv. Filipa a Jakuba, Praha

Datum a čas kvízu

25.5 Celkem bodů Celkový počet nahraných bodů na tomto kvízu bez doplňovacích otázek.
5. Pořadí na kvízu Konečné umístění týmu na tomto kvízu.

Zaznamenané odpovědi

# Otázka Odpověď Body Výsledky
1. Jedno naše město bojuje proti... Brno 1
2. Okázalé zahájení návštěvy seve... Strojvůdce přejel místo, kde byl připraven červený koberec. 1
3. Vzácná kytara, kterou si zakou... George Harrison 0
4. Filipínský prezident Rodrigo D... Kanada 1
5. Známý český výrobce sportovníh... Alpine Pro 1
6. Na obrázku vidíme jedno z nejs... Frísko 0
7. Jak se jmenuje bývalá nizozems... Beatrix 1
8. Nizozemsko se může pyšnit slav... Hieronymus Bosch 0
9. Nadnárodní společnost, která s... Ahold 1
10. Mezi nejoblíbenější sporty v N... PSV Eindhoven 0